[Event "BL 1415 Schachfr. Berlin - SF Katernber"]
[Site "?"]
[Date "2014.11.08"]
[Round "3.2"]
[White "Vocaturo, Daniele"]
[Black "Bok, Benjamin"]
[Result "1/2-1/2"]
[WhiteElo "2590"]
[BlackElo "2591"]
[PlyCount "91"]
[EventDate "2014.??.??"]

1. e4 c5 2. Nf3 e6 3. d4 cxd4 4. Nxd4 Nc6 5. Nc3 Qc7 6. f4 a6 7. Nxc6 bxc6 8.
Bd3 d5 9. O-O Nf6 10. Qe2 Be7 11. Bd2 Bb7 12. Rae1 g6 13. f5 Nxe4 14. Bxe4 dxe4
15. Nxe4 O-O-O 16. fxe6 f5 17. Ng5 Rhe8 18. Bf4 Bd6 19. Qf2 Re7 20. Bxd6 Rxd6
21. Rd1 c5 22. Rxd6 Qxd6 23. Re1 Kb8 24. c4 Qc7 25. Nf3 Be4 26. Ng5 Bb7 27. Qh4
Qc6 28. Re2 Qd6 29. Qf2 Qd3 30. Qf4+ Ka7 31. Rd2 Qb1+ 32. Qf1 Qxf1+ 33. Kxf1
Bc6 34. Re2 h6 35. Nf7 Be4 36. Rd2 Rxe6 37. Nxh6 Bb1 38. b3 Kb6 39. Nf7 Ka5 40.
a3 Rb6 41. b4+ cxb4 42. c5 bxa3 43. cxb6 Kxb6 44. Ne5 a2 45. Rxa2 Bxa2 46. Nxg6
1/2-1/2

[Event "BL 1415 Schachfr. Berlin - SF Katernber"]
[Site "?"]
[Date "2014.11.08"]
[Round "3.3"]
[White "Firman, Nazar"]
[Black "Mista, Aleksander"]
[Result "0-1"]
[WhiteElo "2458"]
[BlackElo "2616"]
[PlyCount "66"]
[EventDate "2014.??.??"]

1. e4 e5 2. Nf3 Nc6 3. Bb5 a6 4. Ba4 Nf6 5. O-O Be7 6. d3 b5 7. Bb3 d6 8. a3
O-O 9. Nc3 Na5 10. Ba2 Be6 11. Nd5 Nxd5 12. Bxd5 Bxd5 13. exd5 c5 14. b4 Nb7
15. Re1 Qc7 16. Bb2 f5 17. Qe2 Bf6 18. bxc5 Nxc5 19. d4 e4 20. dxc5 Bxb2 21.
Ng5 Bxa1 22. Ne6 Qe7 23. Rxa1 Rfc8 24. Re1 dxc5 25. f3 Ra7 26. fxe4 fxe4 27.
Qxe4 Rd7 28. Rf1 b4 29. Rf3 Qd6 30. Rf5 bxa3 31. c4 a2 32. Rf1 Rb8 33. Qc2 Rf7
0-1

[Event "BL 1415 Schachfr. Berlin - SF Katernber"]
[Site "?"]
[Date "2014.11.08"]
[Round "3.4"]
[White "Kraemer, Martin"]
[Black "Siebrecht, Sebastian"]
[Result "1-0"]
[WhiteElo "2570"]
[BlackElo "2463"]
[PlyCount "81"]
[EventDate "2014.??.??"]

1. d4 d5 2. c4 c6 3. Nc3 Nf6 4. e3 g6 5. Nf3 Bg7 6. Be2 O-O 7. O-O Bg4 8. h3
Bxf3 9. Bxf3 e6 10. b3 Re8 11. Bb2 Nbd7 12. Rc1 Qb6 13. Qc2 Rad8 14. Rfd1 a6
15. g3 Qa7 16. Ne2 Nb6 17. Bg2 Nc8 18. c5 Ne7 19. f4 Nd7 20. g4 f6 21. Bc3 Nf8
22. Be1 e5 23. dxe5 fxe5 24. Bh4 Nd7 25. e4 exf4 26. Nxf4 Be5 27. Ne6 Rc8 28.
Qf2 Rf8 29. Nxf8 Rxf8 30. Qc2 Nf6 31. Bxf6 Rxf6 32. exd5 cxd5 33. Bxd5+ Nxd5
34. Rxd5 Qb8 35. Rcd1 Rf8 36. Qd3 Qc7 37. b4 Qe7 38. Rd8 Bc7 39. Qd5+ Kh8 40.
Qd4+ Kg8 41. Rd7 1-0

[Event "BL 1415 Schachfr. Berlin - SF Katernber"]
[Site "?"]
[Date "2014.11.08"]
[Round "3.5"]
[White "Ris, Robert"]
[Black "Piorun, Kacper"]
[Result "1-0"]
[WhiteElo "2427"]
[BlackElo "2532"]
[PlyCount "69"]
[EventDate "2014.??.??"]

1. d4 f5 2. Nf3 Nf6 3. c4 d6 4. Nc3 g6 5. Bf4 Bg7 6. e3 e6 7. Qb3 Qe7 8. Rd1 h6
9. c5 g5 10. cxd6 cxd6 11. Bg3 O-O 12. Qa3 Rd8 13. h3 Nc6 14. Be2 a5 15. O-O
Nb4 16. Qb3 Bd7 17. Nd2 Bc6 18. Rc1 Kh8 19. Nc4 Nbd5 20. Nxd5 Nxd5 21. Nb6 f4
22. Bh2 Nxb6 23. Qxb6 e5 24. Bb5 fxe3 25. Bxc6 exf2+ 26. Rxf2 bxc6 27. dxe5
dxe5 28. Qxc6 Qa7 29. Bg3 Rd3 30. Bxe5 Bxe5 31. Qxh6+ Qh7 32. Rf8+ Rxf8 33.
Qxf8+ Qg8 34. Qh6+ Qh7 35. Rc8+ 1-0

[Event "BL 1415 Schachfr. Berlin - SF Katernber"]
[Site "?"]
[Date "2014.11.08"]
[Round "3.6"]
[White "Schneider, Ilja"]
[Black "Scholz, Christian Dr"]
[Result "1-0"]
[WhiteElo "2488"]
[BlackElo "2344"]
[PlyCount "100"]
[EventDate "2014.??.??"]

1. e4 c5 2. c3 Nf6 3. e5 Nd5 4. Nf3 e6 5. d4 cxd4 6. cxd4 d6 7. Bc4 Nb6 8. Bb3
dxe5 9. Nxe5 Nc6 10. Nxc6 bxc6 11. O-O Ba6 12. Re1 Be7 13. Nc3 O-O 14. Bf4 Bc4
15. Bc2 Nd5 16. Be5 Nxc3 17. bxc3 g6 18. Qc1 f6 19. Bg3 c5 20. Be4 Bd5 21. Bxd5
Qxd5 22. c4 Qd7 23. d5 exd5 24. cxd5 Bd6 25. Qc4 Rad8 26. Red1 Rfe8 27. Rac1
Bxg3 28. hxg3 Rc8 29. Re1 Qd6 30. Rxe8+ Rxe8 31. Qxc5 Qxc5 32. Rxc5 Re1+ 33.
Kh2 Rd1 34. Ra5 f5 35. a4 a6 36. Rxa6 Rxd5 37. Ra7 Rd1 38. a5 Ra1 39. a6 h5 40.
f4 Kf8 41. g4 fxg4 42. Kg3 Ra2 43. Kh4 Ra5 44. f5 gxf5 45. Kxh5 g3 46. Kg5 Ra2
47. Kf6 Kg8 48. Kg6 Kf8 49. Ra8+ Ke7 50. a7 Ra5 1-0

[Event "BL 1415 Schachfr. Berlin - SF Katernber"]
[Site "?"]
[Date "2014.11.08"]
[Round "3.7"]
[White "Hoolt, Sarah"]
[Black "Lauber, Arnd"]
[Result "0-1"]
[WhiteElo "2332"]
[BlackElo "2441"]
[PlyCount "108"]
[EventDate "2014.??.??"]

1. e4 c6 2. d4 d5 3. Nc3 dxe4 4. Nxe4 Bf5 5. Ng3 Bg6 6. Nh3 e6 7. Bc4 Nd7 8.
O-O Bd6 9. Nh5 Ndf6 10. Nxg7+ Kf8 11. Nxe6+ fxe6 12. Ng5 Bf7 13. Re1 Qc7 14.
Bxe6 Bh5 15. Qd3 h6 16. Nf3 Re8 17. Bd2 Rh7 18. d5 cxd5 19. Nd4 Bxh2+ 20. Kf1
Be5 21. Nb5 Qb8 22. Bxd5 Bxb2 23. Bxg8 Kxg8 24. Qb3+ Rf7 25. Qxb2 Qh2 26. Rxe8+
Nxe8 27. f4 Rg7 28. Qb3+ Bf7 29. Qh3 Qxh3 30. gxh3 Bc4+ 31. Kf2 Bxb5 32. Re1
Bc6 33. Re6 Rg2+ 34. Ke1 h5 35. f5 Kf7 36. Rh6 Bf3 37. Bc3 Be4 38. Rxh5 Ng7 39.
Rh4 Bxf5 40. Rc4 Ne6 41. Bd2 Rg1+ 42. Ke2 Rb1 43. h4 b5 44. Rc3 Rb2 45. Ra3
Nd4+ 46. Kf1 Nc6 47. Ra6 Rxc2 48. Ke1 b4 49. Bxb4 Nxb4 50. Rxa7+ Kg6 51. a3
Nd3+ 52. Kf1 Bh3+ 53. Kg1 Ne5 54. Ra6+ Kf5 0-1

[Event "BL 1415 Schachfr. Berlin - SF Katernber"]
[Site "?"]
[Date "2014.11.08"]
[Round "3.8"]
[White "Moreno Tejera, Emilio"]
[Black "Rosen, Bernd"]
[Result "1-0"]
[WhiteElo "2441"]
[BlackElo "2351"]
[PlyCount "81"]
[EventDate "2014.??.??"]

1. e4 e6 2. d4 d5 3. Nc3 Nf6 4. e5 Nfd7 5. f4 c5 6. Nf3 Nc6 7. Be3 Rb8 8. Qd2
Qa5 9. a3 b5 10. Ra2 cxd4 11. Nxd4 Nxd4 12. Bxd4 a6 13. Bd3 Qc7 14. O-O Bc5 15.
Ne2 O-O 16. b4 Bxd4+ 17. Nxd4 f6 18. Qe3 Nb6 19. Qh3 g6 20. Raa1 Nc4 21. Bxc4
Qxc4 22. Qe3 f5 23. Rfd1 Rb7 24. Rd3 Rc7 25. Rb1 Qa2 26. Rdb3 Rxc2 27. Nxc2
Qxc2 28. Rc1 Qe4 29. Rbc3 Qxe3+ 30. Rxe3 d4 31. Rd3 Rd8 32. Rc7 Kh8 33. Kf2 Kg8
34. Kg3 h6 35. Kf2 g5 36. Kg3 Kh8 37. fxg5 hxg5 38. h4 gxh4+ 39. Kxh4 Kg8 40.
Kg5 Kf8 41. Kf6 1-0

[Event "BL 1415 USV TU Dresden - Hansa Dortmund"]
[Site "?"]
[Date "2014.11.08"]
[Round "3.2"]
[White "Almasi, Zoltan"]
[Black "Anton Guijarro, David"]
[Result "1/2-1/2"]
[WhiteElo "2695"]
[BlackElo "2607"]
[PlyCount "84"]
[EventDate "2014.??.??"]

1. Nf3 d5 2. g3 Nc6 3. d4 Bg4 4. Bg2 e6 5. O-O Nf6 6. c4 Bd6 7. Nc3 O-O 8. cxd5
Nxd5 9. h3 Bh5 10. e4 Nb6 11. g4 Bg6 12. Qe2 f5 13. Rd1 Qe8 14. gxf5 Bh5 15.
fxe6 Qxe6 16. e5 Rae8 17. Qe4 h6 18. d5 Bxf3 19. dxe6 Bxe4 20. Nxe4 Nxe5 21.
Nxd6 cxd6 22. Be3 Nbc4 23. Bxb7 Re7 24. Bd5 Nf3+ 25. Kg2 Nh4+ 26. Kh1 Nxe3 27.
fxe3 Nf5 28. Rd3 g5 29. Rc1 Kg7 30. Bb3 Ng3+ 31. Kg2 Ne4 32. Rd4 Nc5 33. Rxd6
Nxb3 34. axb3 Rb8 35. Rd7 Kf6 36. Rxe7 Kxe7 37. Rc7+ Kxe6 38. Rxa7 Rxb3 39. Kf3
h5 40. Rh7 g4+ 41. hxg4 hxg4+ 42. Kxg4 Rxe3 1/2-1/2

[Event "BL 1415 USV TU Dresden - Hansa Dortmund"]
[Site "?"]
[Date "2014.11.08"]
[Round "3.3"]
[White "Markus, Robert"]
[Black "Bartel, Mateusz"]
[Result "1/2-1/2"]
[WhiteElo "2604"]
[BlackElo "2652"]
[PlyCount "54"]
[EventDate "2014.??.??"]

1. Nf3 f5 2. b3 d6 3. d4 g6 4. Bb2 Bg7 5. g3 Nf6 6. Bg2 O-O 7. O-O Ne4 8. Qc1
Nd7 9. d5 Ndf6 10. c4 c6 11. Nc3 Qb6 12. e3 Nxc3 13. Qxc3 cxd5 14. cxd5 Bd7 15.
Ng5 Rac8 16. Qd2 h6 17. Ne6 Bxe6 18. dxe6 Ne4 19. Bxe4 Bxb2 20. Qxb2 fxe4 21.
Rac1 Rxc1 22. Rxc1 Qa5 23. b4 Qd5 24. Rc7 Qd1+ 25. Kg2 Qf3+ 26. Kg1 Qd1+ 27.
Kg2 Qf3+ 1/2-1/2

[Event "BL 1415 USV TU Dresden - Hansa Dortmund"]
[Site "?"]
[Date "2014.11.08"]
[Round "3.4"]
[White "Socko, Bartosz"]
[Black "Heberla, Bartlomiej"]
[Result "1/2-1/2"]
[WhiteElo "2611"]
[BlackElo "2567"]
[PlyCount "115"]
[EventDate "2014.??.??"]

1. d4 d5 2. c4 e6 3. Nc3 Nf6 4. Nf3 Nbd7 5. cxd5 exd5 6. Bf4 c6 7. h3 Ne4 8. e3
Bd6 9. Bxd6 Nxd6 10. Bd3 Nb6 11. Qc2 g6 12. g4 Be6 13. O-O-O Qe7 14. Ne5 f6 15.
Nf3 O-O-O 16. a4 a5 17. Nd2 Ndc4 18. Nb3 Bf7 19. Nc5 Nd7 20. Nxd7 Rxd7 21. Rhe1
Nb6 22. Kb1 Kb8 23. Na2 Qd8 24. Rc1 h5 25. b3 hxg4 26. hxg4 Rh2 27. Rh1 Qh8 28.
Rxh2 Qxh2 29. Rf1 Be6 30. Qc5 Nc8 31. Qxa5 Bxg4 32. Qe1 Bf5 33. Bxf5 gxf5 34.
Rh1 Qc7 35. Rh4 Rh7 36. Qh1 Rxh4 37. Qxh4 Qe7 38. Kb2 Nd6 39. Nc1 Kc7 40. Nd3
b6 41. Qh8 Kb7 42. Qh5 Qg7 43. Qh2 Qe7 44. Qf4 Nc4+ 45. bxc4 dxc4 46. Qxf5 cxd3
47. Qxd3 Qb4+ 48. Qb3 Qd2+ 49. Qc2 Qb4+ 50. Ka2 Kc7 51. f3 Kb7 52. f4 f5 53.
Qxf5 Qd2+ 54. Kb1 Qd1+ 55. Kb2 Qd2+ 56. Kb1 Qd1+ 57. Ka2 Qd2+ 58. Kb1 1/2-1/2

[Event "BL 1415 USV TU Dresden - Hansa Dortmund"]
[Site "?"]
[Date "2014.11.08"]
[Round "3.5"]
[White "Hera, Imre Jr"]
[Black "Dziuba, Marcin"]
[Result "1/2-1/2"]
[WhiteElo "2576"]
[BlackElo "2567"]
[PlyCount "56"]
[EventDate "2014.??.??"]

1. c4 f5 2. d4 Nf6 3. g3 g6 4. Bg2 Bg7 5. Nf3 O-O 6. O-O d6 7. Nc3 c6 8. b3 Na6
9. Bb2 Qc7 10. Qd2 e5 11. d5 Nc5 12. dxc6 bxc6 13. Rad1 Nfe4 14. Nxe4 Nxe4 15.
Qc2 a5 16. Ne1 Nc5 17. Nd3 Ne6 18. e3 Bb7 19. f4 e4 20. Nc1 Rfd8 21. Bxg7 Qxg7
22. Ne2 d5 23. cxd5 cxd5 24. Nd4 Rdc8 25. Qb2 Rc7 26. Rf2 Nxd4 27. Rxd4 Rac8
28. Bf1 Rc3 1/2-1/2

[Event "BL 1415 USV TU Dresden - Hansa Dortmund"]
[Site "?"]
[Date "2014.11.08"]
[Round "3.6"]
[White "Maiwald, Jens-Uwe"]
[Black "Berg, Emanuel"]
[Result "1/2-1/2"]
[WhiteElo "2471"]
[BlackElo "2555"]
[PlyCount "89"]
[EventDate "2014.??.??"]

1. d4 Nf6 2. Nf3 g6 3. Bg5 Bg7 4. Nbd2 d5 5. c3 O-O 6. e3 Nbd7 7. Be2 Re8 8. b4
e5 9. Nb3 h6 10. Bh4 Qe7 11. Bxf6 Bxf6 12. a3 c6 13. O-O h5 14. Re1 Bg7 15. Bf1
f5 16. c4 e4 17. Nfd2 Nf6 18. Rc1 Be6 19. Qc2 Rec8 20. Nc5 Bf7 21. Ndb3 g5 22.
cxd5 cxd5 23. Qd2 Bh6 24. g3 Rf8 25. Rc2 Bg6 26. Na5 f4 27. Ncxb7 Ng4 28. Bh3
fxe3 29. fxe3 Nf2 30. Bg2 Rf6 31. Rf1 Raf8 32. Rc6 Rxc6 33. Nxc6 Qxb7 34. Ne5
Ng4 35. Nxg6 Rxf1+ 36. Bxf1 Qg7 37. Ne5 Nxe5 38. dxe5 Qxe5 39. Ba6 Kf7 40. Bb7
Ke6 41. Qc1 g4 42. Qc6+ Ke7 43. Qxh6 Qa1+ 44. Kg2 Qb2+ 45. Kg1 1/2-1/2

[Event "BL 1415 USV TU Dresden - Hansa Dortmund"]
[Site "?"]
[Date "2014.11.08"]
[Round "3.7"]
[White "Korpa, Bence"]
[Black "Tischbierek, Raj"]
[Result "0-1"]
[WhiteElo "2426"]
[BlackElo "2414"]
[PlyCount "156"]
[EventDate "2014.??.??"]

1. c4 c6 2. Nf3 d5 3. g3 Nf6 4. Bg2 Bg4 5. Ne5 Be6 6. cxd5 Bxd5 7. Nf3 e5 8. d3
Bb4+ 9. Bd2 Bxd2+ 10. Nbxd2 Nbd7 11. O-O O-O 12. e4 Be6 13. d4 Bg4 14. Qc2 exd4
15. Nxd4 Qb6 16. Qc3 Rad8 17. Nc4 Qc5 18. Nb3 Qh5 19. f3 Be6 20. Rad1 Qb5 21.
Nd6 Qb6+ 22. Kh1 Ne8 23. Nc4 Bxc4 24. Qxc4 Nc7 25. a4 Ne6 26. a5 Qc7 27. f4 b5
28. Qc1 f6 29. Bh3 Rfe8 30. Bxe6+ Rxe6 31. Nd4 Rxe4 32. Qxc6 Qxc6 33. Nxc6 Rc8
34. Nxa7 Rc2 35. Rfe1 Rxe1+ 36. Rxe1 Rxb2 37. Nc8 Ra2 38. Nb6 Nc5 39. Rc1 Ne6
40. f5 Nd4 41. Rc8+ Kf7 42. Rc7+ Kf8 43. Rc8+ Ke7 44. Rc7+ Kd6 45. Rxg7 h5 46.
Kg1 Rxa5 47. Rf7 Ke5 48. Nd7+ Ke4 49. Rxf6 b4 50. Rb6 Kf3 51. h4 b3 52. Kh2 Kf2
53. Nf6 Rxf5 54. Ne4+ Ke3 55. Nc3 Kd3 56. Na4 Kc2 57. Rb4 Nf3+ 58. Kh3 Ng1+ 59.
Kg2 Ne2 60. Rc4+ Kd3 61. Rc5 Ke4 62. Rc8 Nd4 63. Re8+ Kd3 64. Rb8 Ra5 65. Rb4
Ke3 66. g4 hxg4 67. Kg3 Ra8 68. Nc5 Rg8 69. Nxb3 Ne2+ 70. Kg2 Nf4+ 71. Kg3 Nh5+
72. Kg2 g3 73. Nc1 Nf4+ 74. Kg1 g2 75. Rb3+ Kd2 76. Rf3 Rg4 77. Nb3+ Ke1 78. h5
Ne2+ 0-1

[Event "BL 1415 USV TU Dresden - Hansa Dortmund"]
[Site "?"]
[Date "2014.11.08"]
[Round "3.8"]
[White "Loxine, Jakov"]
[Black "Tari, Aryan"]
[Result "1/2-1/2"]
[WhiteElo "2403"]
[BlackElo "2450"]
[PlyCount "48"]
[EventDate "2014.??.??"]

1. e4 c5 2. Nc3 d6 3. d4 cxd4 4. Qxd4 Nc6 5. Bb5 Bd7 6. Bxc6 Bxc6 7. Bg5 h6 8.
Be3 Nf6 9. Nf3 e6 10. Qd3 Be7 11. Nd4 O-O 12. f3 Qc7 13. O-O-O Rfd8 14. g4 d5
15. e5 Qxe5 16. h4 Nd7 17. f4 Qd6 18. g5 h5 19. g6 f5 20. Ncb5 Bxb5 21. Nxb5
Qc6 22. Nd4 Qd6 23. Nb5 Qc6 24. Nd4 Qd6 1/2-1/2

[Event "BL 1415 OSG Baden Baden - SV Hockenheim"]
[Site "?"]
[Date "2014.11.08"]
[Round "3.5"]
[White "Buhmann, Rainer"]
[Black "Movsesian, Sergei"]
[Result "1/2-1/2"]
[WhiteElo "2597"]
[BlackElo "2657"]
[PlyCount "45"]
[EventDate "2014.??.??"]

1. d4 Nf6 2. c4 e6 3. Nf3 d5 4. g3 Be7 5. Bg2 O-O 6. O-O dxc4 7. Qc2 a6 8. a4
Bd7 9. Qxc4 Bc6 10. Bf4 Nbd7 11. Nc3 Bd6 12. Bg5 h6 13. Bxf6 Nxf6 14. Nd2 Bxg2
15. Kxg2 c5 16. dxc5 Bxc5 17. Nde4 Be7 18. Rfd1 Qc8 19. Qb3 Qc6 20. f3 Rfd8 21.
Nxf6+ Bxf6 22. Ne4 Bd4 23. Rac1 1/2-1/2

[Event "BL 1415 OSG Baden Baden - SV Hockenheim"]
[Site "?"]
[Date "2014.11.08"]
[Round "3.6"]
[White "Meier, Georg"]
[Black "Wagner, Dennis"]
[Result "1/2-1/2"]
[WhiteElo "2647"]
[BlackElo "2490"]
[PlyCount "84"]
[EventDate "2014.??.??"]

1. Nf3 c5 2. b3 d5 3. e3 Nc6 4. Bb5 Qc7 5. Bb2 Nf6 6. c4 a6 7. Be5 Qb6 8. Ba4
dxc4 9. bxc4 Bf5 10. Nc3 e6 11. Qb3 Qxb3 12. Bxc6+ bxc6 13. axb3 Bd3 14. Bxf6
gxf6 15. Kd1 Be7 16. Ne1 Bg6 17. Ke2 O-O 18. Nd3 Rfd8 19. Nc1 e5 20. f3 Ra7 21.
d3 f5 22. Rd1 a5 23. Rd2 Bf6 24. Raa2 h5 25. Nd1 h4 26. Nf2 Kh7 27. Ra4 Rg8 28.
Rda2 Bd8 29. Kf1 Rd7 30. Ne2 Bh5 31. Nc1 Bc7 32. Rd2 Rd6 33. Raa2 Kh6 34. e4 f4
35. h3 Kg7 36. Ra4 Rdd8 37. Rda2 Rb8 38. Ke2 f6 39. Kd1 Bf7 40. Ng4 Be6 41. Kc2
Bd7 42. Ne2 Ra8 1/2-1/2

[Event "BL 1415 OSG Baden Baden - SV Hockenheim"]
[Site "?"]
[Date "2014.11.08"]
[Round "3.7"]
[White "Banusz, Tamas"]
[Black "Gustafsson, Jan"]
[Result "0-1"]
[WhiteElo "2595"]
[BlackElo "2636"]
[PlyCount "80"]
[EventDate "2014.??.??"]

1. Nf3 c5 2. c4 Nc6 3. d4 cxd4 4. Nxd4 Nf6 5. Nc3 e6 6. g3 Qb6 7. Ndb5 Ne5 8.
Bg2 a6 9. Na4 Qa5+ 10. Nbc3 Nxc4 11. b3 Ne5 12. Be3 d5 13. a3 Ned7 14. O-O Qd8
15. b4 Be7 16. Rc1 O-O 17. Qb3 b6 18. Rfd1 Bb7 19. Bd4 Rc8 20. f4 b5 21. Nb2
Bd6 22. a4 bxa4 23. Ncxa4 Qe7 24. Nd3 Bc6 25. Nac5 Bb5 26. Qb2 Nxc5 27. bxc5
Bb8 28. Rd2 Rfd8 29. Rdc2 Bc4 30. Ne5 Rxc5 31. Nxc4 Rxc4 32. Rxc4 dxc4 33. Bxf6
gxf6 34. Kh1 Kg7 35. Bf3 Qc5 36. Qa2 c3 37. Qxa6 c2 38. Qa4 Rd2 39. Kg2 Bd6 40.
Qe8 Rd1 0-1

[Event "BL 1415 OSG Baden Baden - SV Hockenheim"]
[Site "?"]
[Date "2014.11.08"]
[Round "3.8"]
[White "Schlosser, Philipp"]
[Black "Paehtz, Elisabeth"]
[Result "1/2-1/2"]
[WhiteElo "2570"]
[BlackElo "2477"]
[PlyCount "50"]
[EventDate "2014.??.??"]

1. Nf3 Nf6 2. c4 c6 3. Nc3 d5 4. e3 g6 5. d4 Bg7 6. Be2 O-O 7. O-O Bg4 8. cxd5
cxd5 9. Qb3 b6 10. h3 Bc8 11. Ne5 Bb7 12. Bd2 Nc6 13. Nxc6 Bxc6 14. Rfc1 Qd7
15. a4 Rab8 16. Rc2 Rfd8 17. Be1 Ne4 18. Nxe4 dxe4 19. Bb5 Bxb5 20. axb5 e5 21.
dxe5 Bxe5 22. Rc6 Rb7 23. Bc3 Qd5 24. Qa4 Rbd7 25. Rf1 h5 1/2-1/2

[Event "BL 1415 SC Eppingen - SG Turm Trier"]
[Site "?"]
[Date "2014.11.08"]
[Round "3.3"]
[White "Cyborowski, Lukasz"]
[Black "Postny, Evgeny"]
[Result "1/2-1/2"]
[WhiteElo "2510"]
[BlackElo "2652"]
[PlyCount "89"]
[EventDate "2014.??.??"]

1. Nf3 d5 2. d4 Nf6 3. c4 dxc4 4. e3 e6 5. Bxc4 a6 6. O-O b5 7. Be2 Bb7 8. a4
b4 9. Nbd2 Nbd7 10. b3 c5 11. Bb2 Be7 12. Rc1 O-O 13. Qc2 Rc8 14. Qb1 Rc7 15.
Rfd1 Qa8 16. dxc5 h6 17. c6 Rxc6 18. Nc4 Rc7 19. Bd4 Bd5 20. Ncd2 Bc5 21. Bb2
Rfc8 22. Ne1 Bd6 23. Rxc7 Bxc7 24. Nef3 a5 25. Rc1 Bd8 26. Bc4 Nb6 27. Bxd5
Nfxd5 28. Rxc8 Qxc8 29. Bd4 Bf6 30. Bxb6 Nxb6 31. h3 Bc3 32. Qd3 Bxd2 33. Nxd2
Qc1+ 34. Kh2 Qc7+ 35. Kg1 Qc3 36. Qd8+ Kh7 37. Qxb6 Qxd2 38. Qxa5 Qd1+ 39. Kh2
Qxb3 40. Qb5 Qc3 41. a5 b3 42. a6 b2 43. a7 Qc7+ 44. g3 Qxa7 45. Qxb2 1/2-1/2

[Event "BL 1415 SC Eppingen - SG Turm Trier"]
[Site "?"]
[Date "2014.11.08"]
[Round "3.4"]
[White "Acs, Peter"]
[Black "Jaracz, Pawel"]
[Result "1/2-1/2"]
[WhiteElo "2594"]
[BlackElo "2505"]
[PlyCount "41"]
[EventDate "2014.??.??"]

1. e4 e5 2. Nf3 Nc6 3. Bb5 a6 4. Ba4 Nf6 5. O-O Bc5 6. Bxc6 dxc6 7. d3 Bg4 8.
Nbd2 Nd7 9. h3 Bh5 10. a3 O-O 11. Re1 Re8 12. Nf1 f6 13. Ng3 Bf7 14. c3 Bf8 15.
d4 exd4 16. cxd4 c5 17. d5 c4 18. Qc2 b5 19. Be3 c6 20. dxc6 Nb8 21. Rad1
1/2-1/2

[Event "BL 1415 SC Eppingen - SG Turm Trier"]
[Site "?"]
[Date "2014.11.08"]
[Round "3.5"]
[White "Galyas, Miklos"]
[Black "Breder, Dennis"]
[Result "1/2-1/2"]
[WhiteElo "2421"]
[BlackElo "2488"]
[PlyCount "81"]
[EventDate "2014.??.??"]

1. d4 d5 2. c4 e6 3. Nc3 c6 4. e3 Nf6 5. Nf3 Nbd7 6. b3 Bb4 7. Bd2 Qe7 8. Be2
O-O 9. O-O b6 10. Qc2 Bb7 11. Bd3 Rac8 12. Ne5 c5 13. f4 Rfd8 14. a3 Ba5 15. b4
dxc4 16. Nxc4 cxb4 17. axb4 Bxb4 18. Rxa7 Bxc3 19. Bxc3 b5 20. Rxb7 bxc4 21.
Be2 Nd5 22. Qd2 Qa3 23. Rc1 f5 24. Qb2 Qxb2 25. Rxb2 Rc6 26. Be1 c3 27. Rbc2
Rb8 28. Bd3 Rb3 29. e4 Nxf4 30. d5 exd5 31. exd5 Rc5 32. Bxf5 Rxd5 33. Bxd7
Rxd7 34. Bxc3 Rc7 35. Be1 Rxc2 36. Rxc2 Rb1 37. Kf1 Nd3 38. Re2 Kf7 39. Re3
Nxe1 40. Rxe1 Rxe1+ 41. Kxe1 1/2-1/2

[Event "BL 1415 SC Eppingen - SG Turm Trier"]
[Site "?"]
[Date "2014.11.08"]
[Round "3.6"]
[White "Mons, Leon"]
[Black "Seger, Ruediger"]
[Result "1/2-1/2"]
[WhiteElo "2442"]
[BlackElo "2372"]
[PlyCount "68"]
[EventDate "2014.??.??"]

1. Nf3 Nf6 2. c4 g6 3. b3 Bg7 4. Bb2 O-O 5. g3 c6 6. Bg2 d5 7. O-O Nbd7 8. Qc2
Re8 9. Nc3 e5 10. cxd5 Nxd5 11. d3 Nf8 12. a3 Bg4 13. h3 Bxf3 14. Bxf3 Ne6 15.
e3 Qd7 16. Bg2 Nxc3 17. Bxc3 Rad8 18. Rfd1 Qe7 19. b4 Nc7 20. Bb2 Rd7 21. Qc4
Red8 22. Rd2 Qe6 23. Qxe6 Nxe6 24. Rad1 f5 25. Kf1 Nc7 26. Ke2 Kf7 27. g4 Nd5
28. gxf5 gxf5 29. h4 e4 30. dxe4 Nf4+ 31. exf4 Rxd2+ 32. Rxd2 Rxd2+ 33. Kxd2
Bxb2 34. a4 fxe4 1/2-1/2

[Event "BL 1415 SC Eppingen - SG Turm Trier"]
[Site "?"]
[Date "2014.11.08"]
[Round "3.7"]
[White "Kolbus, Dietmar"]
[Black "Medvegy, Zoltan"]
[Result "1/2-1/2"]
[WhiteElo "2316"]
[BlackElo "2510"]
[PlyCount "64"]
[EventDate "2014.??.??"]

1. Nf3 Nf6 2. c4 e6 3. d4 b6 4. g3 Bb4+ 5. Bd2 Bxd2+ 6. Nbxd2 Bb7 7. Bg2 O-O 8.
O-O c5 9. Rc1 Nc6 10. Nb1 d6 11. Nc3 Qe7 12. Qd2 Rfd8 13. Rfd1 Rac8 14. b3 cxd4
15. Nxd4 Nxd4 16. Qxd4 Bxg2 17. Kxg2 Qb7+ 18. Kg1 a6 19. a4 Qc6 20. Qf4 Qc5 21.
Ne4 Nxe4 22. Qxe4 Qb4 23. Qe3 Qc5 24. Qd2 Kf8 25. Rc3 Qb4 26. Qe3 Qc5 27. Qd2
h6 28. Rd3 Ke7 29. Qb2 Kf8 30. Qd2 Ke7 31. Qb2 Kf8 32. Qd2 Ke7 1/2-1/2

[Event "BL 1415 SC Eppingen - SG Turm Trier"]
[Site "?"]
[Date "2014.11.08"]
[Round "3.8"]
[White "Guliyev, Namig"]
[Black "Yankelevich, Lev"]
[Result "1-0"]
[WhiteElo "2556"]
[BlackElo "2362"]
[PlyCount "83"]
[EventDate "2014.??.??"]

1. e4 c5 2. Nf3 d6 3. d4 cxd4 4. Nxd4 Nf6 5. Nc3 a6 6. Be3 e6 7. f4 b5 8. a3
Bb7 9. Qf3 Nbd7 10. Bd3 Rc8 11. O-O Be7 12. Kh1 Rxc3 13. bxc3 Nc5 14. Nb3 Ncxe4
15. Bd4 Qa8 16. Na5 Bd5 17. Qe2 O-O 18. a4 Qc8 19. c4 bxc4 20. Nxc4 Bd8 21. a5
Qc6 22. Nb6 Nc5 23. Rfb1 Nxd3 24. cxd3 Re8 25. Rc1 Qb7 26. Bxf6 Bxf6 27. Rab1
h6 28. Qc2 Rd8 29. Nc8 Qa8 30. Rb6 Kh7 31. Rxd6 Rxc8 32. Qxc8 Bxg2+ 33. Kg1 Qf3
34. Qc6 Qh3 35. Qxg2 Qe3+ 36. Qf2 Qxc1+ 37. Kg2 Qd1 38. h3 Qb3 39. Qe2 Bc3 40.
Rxa6 Qb5 41. Qe4+ f5 42. Qxe6 1-0

[Event "BL 1415 Werder Bremen - SG Solingen"]
[Site "?"]
[Date "2014.11.09"]
[Round "4.1"]
[White "Ragger, Markus"]
[Black "McShane, Luke J"]
[Result "0-1"]
[WhiteElo "2658"]
[BlackElo "2670"]
[PlyCount "76"]
[EventDate "2014.??.??"]

1. d4 Nf6 2. c4 e6 3. Nf3 Bb4+ 4. Nbd2 O-O 5. a3 Be7 6. e4 d6 7. Be2 c5 8. d5
Nbd7 9. O-O e5 10. Ne1 Ne8 11. Nd3 g6 12. b4 b6 13. Bb2 Ng7 14. Rb1 f5 15. f4
exf4 16. bxc5 Nxc5 17. Nxc5 bxc5 18. e5 dxe5 19. Bxe5 g5 20. Nf3 Bf6 21. Qd2
Re8 22. Bb2 Bd7 23. Ne1 Rb8 24. Bd3 Rxb2 25. Rxb2 Bd4+ 26. Kh1 Nh5 27. Rb7 Ng3+
28. hxg3 Qf6 29. Rxf4 Bc3 30. Qxc3 Qxc3 31. Rf1 Rxe1 32. Rxd7 Rxf1+ 33. Bxf1
Qxg3 34. Rd8+ Kf7 35. Rd7+ Ke8 36. Rxh7 g4 37. Rh6 Qf4 38. Re6+ Kd8 0-1

[Event "BL 1415 Werder Bremen - SG Solingen"]
[Site "?"]
[Date "2014.11.09"]
[Round "4.2"]
[White "Edouard, Romain"]
[Black "L'Ami, Erwin"]
[Result "1-0"]
[WhiteElo "2659"]
[BlackElo "2618"]
[PlyCount "75"]
[EventDate "2014.??.??"]

1. Nf3 Nf6 2. c4 e6 3. Nc3 d5 4. d4 dxc4 5. e4 Bb4 6. Bg5 c5 7. e5 cxd4 8. Nxd4
Qa5 9. exf6 Bxc3+ 10. bxc3 Qxg5 11. fxg7 Qxg7 12. Qf3 O-O 13. Bxc4 Nd7 14. Be2
e5 15. Nf5 Qf6 16. Qh5 Nc5 17. Ne3 Be6 18. O-O b6 19. Bc4 Bxc4 20. Nxc4 e4 21.
Rad1 Rad8 22. Ne3 Kh8 23. Ng4 Qg7 24. Qf5 Rxd1 25. Rxd1 Qg6 26. Qe5+ f6 27. Qd6
Kg8 28. h3 Nd3 29. f3 Nc5 30. fxe4 Nxe4 31. Qe6+ Kh8 32. Qe7 Rg8 33. Rd8 f5 34.
Qe5+ Qg7 35. Rxg8+ Kxg8 36. Qxf5 Nc5 37. Nf6+ Kf8 38. Nd7+ 1-0

[Event "BL 1415 Werder Bremen - SG Solingen"]
[Site "?"]
[Date "2014.11.09"]
[Round "4.3"]
[White "Sandipan, Chanda"]
[Black "Efimenko, Zahar"]
[Result "1-0"]
[WhiteElo "2603"]
[BlackElo "2649"]
[PlyCount "107"]
[EventDate "2014.??.??"]

1. d4 Nf6 2. c4 e6 3. Nc3 Bb4 4. e3 O-O 5. Nf3 d5 6. Bd2 b6 7. Rc1 dxc4 8. Bxc4
Bb7 9. O-O Nbd7 10. Qe2 c5 11. a3 Bxc3 12. Bxc3 Ne4 13. Rfd1 Nxc3 14. Rxc3 Qe7
15. Ba6 Bxa6 16. Qxa6 cxd4 17. Nxd4 Nc5 18. Qc4 Rad8 19. Rcc1 Qh4 20. Qc2 Qe4
21. Qxe4 Nxe4 22. Nc6 Rxd1+ 23. Rxd1 a5 24. f3 Nc5 25. Ne7+ Kh8 26. Rd6 g6 27.
Rxb6 Rd8 28. b4 axb4 29. axb4 Na4 30. Ra6 Rd1+ 31. Kf2 Nc3 32. e4 Kg7 33. Ke3
Rd7 34. Nc8 Nd1+ 35. Kf4 Nb2 36. b5 Rd2 37. Nd6 g5+ 38. Kxg5 Nd3 39. g3 Rxh2
40. Ne8+ Kf8 41. Ra8 Ke7 42. b6 h6+ 43. Kg4 Rb2 44. f4 Rxb6 45. e5 f5+ 46. Kh5
Nf2 47. Nf6 Rb3 48. g4 Nxg4 49. Kg6 Nxe5+ 50. fxe5 Rg3+ 51. Kxh6 f4 52. Ra4 f3
53. Rf4 Kd8 54. Kh5 1-0